000 00400nam a2200169Ia 4500
001 25468
003 IN-NITTTR
005 20251114233323.0
008 251113s9999||||xx |||||||||||||| ||eng||
040 _beng
040 _cIN-NITTTR
041 _aeng
082 _a005.7565 D349I
100 _aDesai, Bipin C
245 3 _aAn introduction to database systems /
_cDesai, Bipin C
942 _2ddc
_cBK
999 _c28097
_d28097